Datum a čas kvízu
31
Celkem bodů
Celkový počet nahraných bodů na tomto kvízu bez doplňovacích otázek.
3.
Pořadí na kvízu
Konečné umístění týmu na tomto kvízu.
Zaznamenané odpovědi
| # | Otázka | Odpověď | Body | Výsledky |
|---|---|---|---|---|
| 1. | Ministr dopravy Vladimír Kreml... | Francie | 1 | |
| 2. | Senát jednoho státu na jihu US... | Alabama | 0 | |
| 3. | Jak se nazývá kapela, která re... | Lake Malawi, Albert Černý | 0.5 | |
| 4. | Čínská společnost Xiaomi přišl... | v automatu | 1 | |
| 5. | Ve třetím utkání na MS v hokej... | Andrej Vasilevskij | 0 | |
| 6. | Volby do Evropského parlamentu... | čtvrté | 1 | |
| 7. | Z výsledků voleb vzejde i nový... | Jan Zahradil | 0 | |
| 8. | Přiřaďte lídry kandidátek k je... | 1D 2C 3B 4A | 1 | |
| 9. | Ve francouzském Štrasburku síd... | Rada Evropy | 1 | |
| 10. | Jedenatřicetiletý kandidát nov... | Tinder | 0 |